| 000 -CABECERA |
| campo de control de longitud fija |
00903nam a2200253 u 4500 |
| 001 - NÚMERO DE CONTROL |
| campo de control |
000061467 |
| 005 - FECHA Y HORA DE LA ÚLTIMA TRANSACCIÓN |
| campo de control |
20200120224036.0 |
| 008 - DATOS DE LONGITUD FIJA--INFORMACIÓN GENERAL |
| campo de control de longitud fija |
140704s2012 ck r 001 0 spa d |
| 020 ## - NÚMERO INTERNACIONAL ESTÁNDAR DEL LIBRO |
| Número Internacional Estándar del Libro |
9789586652322 |
| 041 0# - CÓDIGO DE LENGUA |
| Código de lengua del texto/banda sonora o título independiente |
Dspa |
| 043 ## - CÓDIGO DE ÁREA GEOGRÁFICA |
| Código de área geográfica |
c-k---- |
| 082 04 - NÚMERO DE LA CLASIFICACIÓN DECIMAL DEWEY |
| Número de clasificación |
860.9 |
| Número de documento/Ítem |
P45 |
| Número de edición |
21 |
| 100 1# - ENTRADA PRINCIPAL--NOMBRE DE PERSONA |
| Nombre de persona |
Pineda Buitrago, Sebastián, |
| Información miscelánea |
1982- |
| 245 10 - MENCIÓN DE TÍTULO |
| Título |
Breve historia de la narrativa colombiana : |
| Resto del título |
Siglos XVI- XX / |
| Mención de responsabilidad, etc. |
Sebastián Pineda Buitrago. |
| 250 ## - MENCIÓN DE EDICIÓN |
| Mención de edición |
1a. ed. |
| 260 ## - PUBLICACIÓN, DISTRIBUCIÓN, ETC. |
| Lugar de publicación, distribución, etc. |
Bogotá : |
| Nombre del editor, distribuidor, etc. |
Siglo del hombre editores, |
| Fecha de publicación, distribución, etc. |
2012. |
| 300 ## - DESCRIPCIÓN FÍSICA |
| Extensión |
384 p. |
| Material acompañante/anejo |
24 cm. |
| 500 ## - NOTA GENERAL |
| Nota general |
Incluye índice |
| 546 ## - NOTA DE LENGUA/LENGUAJE |
| Nota de lengua/lenguaje |
spa |
| 650 17 - PUNTO DE ACCESO ADICIONAL DE MATERIA--TÉRMINO DE MATERIA |
| Término de materia o nombre geográfico como elemento de entrada |
Literatura colombiana |
| Subdivisión general |
Historia y crítica |
| Subdivisión cronológica |
Siglo XVI- XX |
| Fuente del encabezamiento o término |
LEMB |
| 650 27 - PUNTO DE ACCESO ADICIONAL DE MATERIA--TÉRMINO DE MATERIA |
| Término de materia o nombre geográfico como elemento de entrada |
Autores colombianos |
| Subdivisión general |
Historia y crítica |
| Subdivisión cronológica |
Siglo XVI- XX |
| Fuente del encabezamiento o término |
LEMB |
| 650 27 - PUNTO DE ACCESO ADICIONAL DE MATERIA--TÉRMINO DE MATERIA |
| Término de materia o nombre geográfico como elemento de entrada |
Comunicación escrita |
| Subdivisión general |
Historia y critica |
| Subdivisión cronológica |
Siglo XVI- XX |
| Fuente del encabezamiento o término |
LEMB |
| 650 27 - PUNTO DE ACCESO ADICIONAL DE MATERIA--TÉRMINO DE MATERIA |
| Término de materia o nombre geográfico como elemento de entrada |
Generos literarios |
| Subdivisión general |
Historia y critica |
| Subdivisión cronológica |
Siglo XVI- XX |
| Fuente del encabezamiento o término |
LEMB |